| 000 -LEADER |
| fixed length control field |
00788nam a2200181 a 4500 |
| 040 ## - CATALOGING SOURCE |
| Transcribing agency |
DLC |
| 082 00 - DEWEY DECIMAL CLASSIFICATION NUMBER |
| Classification number |
338 ACC 1981 C282 Or. |
| 245 00 - TITLE STATEMENT |
| Title |
Accelerating agricultural development / |
| 260 ## - PUBLICATION, DISTRIBUTION, ETC. (IMPRINT) |
| Place of publication |
College, Laguna, Philippines : |
| Name of publisher |
Southeast Asian Regional Center for Graduate Study and Research in Agriculture (SEARCA), |
| Year of publication |
c1981. |
| 300 ## - PHYSICAL DESCRIPTION |
| Number of Pages |
xiii, 486 p. : |
| Other physical details |
ill. ; |
| Dimensions |
23 cm. |
| 500 ## - GENERAL NOTE |
| General note |
Papers from the International Workshop om Accelerating Agricultural Development, held at SEARCA, Los Baños, Laguna, Philippines Apr. 26-30, 1976. |
| 650 #0 - SUBJECT ADDED ENTRY--TOPICAL TERM |
| Topical Term |
Agricultural productivity |
| 650 #0 - SUBJECT ADDED ENTRY--TOPICAL TERM |
| Topical Term |
Agricultural innovations |
| 700 1# - ADDED ENTRY--PERSONAL NAME |
| Personal name |
Drilon, J. D. |
| 700 1# - ADDED ENTRY--PERSONAL NAME |
| Personal name |
Saguiguit, G. F. |
| 710 2# - ADDED ENTRY--CORPORATE NAME |
| Corporate name or jurisdiction name as entry element |
Southeast Asian Regional Centre for Graduate Study and Research in Agriculture. |
| 942 ## - ADDED ENTRY ELEMENTS (KOHA) |
| Koha item type |
ADB |
| 952 ## - LOCATION AND ITEM INFORMATION (KOHA) |
| Withdrawn status [LOCAL, KOHA] |
0 |